| 000 | 01355cam a2200205 4500500 | ||
|---|---|---|---|
| 005 | 20260201075320.0 | ||
| 041 | _afre | ||
| 042 | _adc | ||
| 100 | 1 | 0 |
_aDubois-Fabing, Delphine _eauthor |
| 245 | 0 | 0 | _aRoméo et Juliette à la marge |
| 260 | _c2018. | ||
| 500 | _a36 | ||
| 520 | _aA la demande de l’Office Départemental de la Personne en Situation de Handicap de l’Isère (ODPHI), la Compagnie du Savon Noir conduit depuis 2014 des créations théâtrales sur le thème de la vie affective et sexuelle de personnes en situation de handicap. Comment parler librement de ce thème tout en respectant les personnes, leur liberté de pensée, leur intégrité ? Comment aborder des questions aussi ardues que celle du viol, dont sont victimes de nombreuses personnes en situation de handicap ? Pour ce faire, notre action veille à la protection des personnes, elle s’appuie sur la mise en jeu des corps, des émotions, une réflexion propice à la distanciation et une action concrète de transmission. | ||
| 690 | _aexpression de l’émotion | ||
| 690 | _ahandicap | ||
| 690 | _aoutil pédagogique | ||
| 690 | _athéâtre | ||
| 786 | 0 | _nPratiques en santé mentale | 63e aée | 4 | 2018-02-27 | p. 33-35 | 1286-1286 | |
| 856 | 4 | 1 | _uhttps://shs.cairn.info/revue-pratique-en-sante-mentale-2017-4-page-33?lang=fr&redirect-ssocas=7080 |
| 999 |
_c1640029 _d1640029 |
||